000 00535nam a2200193Ia 4500
005 20250508165647.0
008 008 250505s9999 xx 000 0 eng d
037 _aTextual
040 _aFEDL
_beng
_cFEDL
041 _aeng
_2eng
084 _a510, MAD/O
_qFEDL
245 0 _aMadhuban Number Book 1 to 20.
245 0 _cMadhuban educatinal
260 _aNew Delhi, India
_bVikas Publishing House Pvt. Ltd.
_c1993
300 _a48p.
546 _aC.S.E.C
942 _cTEXL
_h510, MAD/O
999 _c1396574
_d1396574